प्रौढ़ एवं सतत्-शिक्षा में ग्रन्थालयों की भूमिका (Record no. 8290)

MARC details
000 -LEADER
fixed length control field 01309 a2200229 4500
005 - DATE AND TIME OF LATEST TRANSACTION
control field 2008092300160.0
008 - FIXED-LENGTH DATA ELEMENTS--GENERAL INFORMATION
fixed length control field 080923t xxu||||| |||| 00| 0 hin d
010 ## - LCCN (DPL NO)
LC control number HIN-81387
020 ## - INTERNATIONAL STANDARD BOOK NUMBER
International Standard Book Number 8190274899
Terms of availability 200.00
035 ## - SYSTEM CONTROL NUMBER
System control number HN-53733
035 ## - SYSTEM CONTROL NUMBER
System control number B-246672
037 ## - SOURCE OF ACQUISITION
Source of stock number/acquisition D.B.Act / pub
082 ## - DEWEY DECIMAL CLASSIFICATION NUMBER
Classification number 021.3
100 ## - MAIN ENTRY--PERSONAL NAME
Personal name कालभोर, गोपीनाथ
9 (RLIN) 40389
245 ## - TITLE STATEMENT
Title प्रौढ़ एवं सतत्-शिक्षा में ग्रन्थालयों की भूमिका
Statement of responsibility, etc गोपीनाथ कालभोर
260 ## - PUBLICATION, DISTRIBUTION, ETC. (IMPRINT)
Place of publication, distribution, etc जयपुर
Name of publisher, distributor, etc विनय पब्लिकेशन
Date of publication, distribution, etc 2006
270 ## - ADDRESS
Address ए-3, पेठा फैक्ट्री के पास, हीदा की मोरी, सूरजपोल बाजार
City जयपुर
300 ## - PHYSICAL DESCRIPTION
Extent 166पृ
Dimensions 22 सेमी (सजिल्द)
942 ## - ADDED ENTRY ELEMENTS (KOHA)
Institution code [OBSOLETE] dpl
Item type Hindi Books
Call number prefix 021.3 / कालभो
Source of classification or shelving scheme Dewey Decimal Classification
Classification part 021.3
Call number suffix कालभो
Holdings
Withdrawn status Lost status Source of classification or shelving scheme Damaged status Not for loan Home library Current library Date acquired Cost, normal purchase price Total Checkouts Full call number Barcode Date last seen Copy number Cost, replacement price Koha item type Collection code
    Dewey Decimal Classification     D.B.Act.Division D.B.Act.Division 23/09/2008 200.00   021.3 कालभो HN-53733 15/09/2008 1 200.00 Hindi Books  
    Dewey Decimal Classification     Sarojini Nagar Sarojini Nagar 30/01/2012 200.00   021.3 कालभो B-246672 30/01/2012   200.00 Hindi Books Non-fiction

© Delhi Public Library
Hit Counter
free hit counter